Doterajšia realizácia šľachtiteľského programu v chove HD v SSR a prognóza vývoja do r. 1990

Bibliographic Details
Main Author: Kubáček, Dalibor, 1926-1999 (Author)
Format: Article
Language:Slovak
PhysicalDescription:Tb. 5.
Subjects:

MARC

LEADER 00000nab a2200000 a 4500
001 vtls000303652
003 SK-MaSNL
005 20260327163956.0
008 111201c1987 xo 0 slo
015 |a SNBRB19rr/mm-uuuuu 
035 |a CL0313771 
040 |a SNKBUCL  |b slo  |c SNKBUCL  |e AACR2 
041 0 |a slo 
044 |a xo  |c SK 
080 |a 636.22/.28.082.23.001.12  |2 1981 
100 1 |a Kubáček, Dalibor,  |d 1926-1999  |4 aut  |9 1635774 
245 1 0 |a Doterajšia realizácia šľachtiteľského programu v chove HD v SSR a prognóza vývoja do r. 1990  |c Dalibor Kubáček 
300 |b Tb. 5. 
650 0 7 |a šľachtenie zvierat  |2 snkbucl  |9 29507 
650 0 7 |a hovädzí dobytok  |2 snkbucl  |9 2818 
655 7 |a články z novín a časopisov  |2 snkbucl  |9 267496 
773 0 |t Informácie MPVž SSR  |g Roč. 15, č. 18 (1987), s. 12-15 
850 |a Slovenská národná knižnica v Martine  |a MTA001 
852 |a SNK  |b KIS3GCP 
958 |a RK 
992 |a RBX 
999 |c 2123513  |d 2125443